[Event "ROM-ch U20 Girls"]
[Site "Mamaia"]
[Date "2021.04.12"]
[Round "8"]
[White "Bucur, Denisa Andreea"]
[Black "Pelin, Ana Maria"]
[Result "1-0"]
[WhiteElo "2063"]
[BlackElo "1932"]
[PlyCount "109"]
[EventDate "2021.04.07"]
[EventType "swiss"]
[EventRounds "9"]
[EventCountry "ROU"]
[SourceTitle "EXT 2022"]
[Source "ChessBase"]
[SourceDate "2021.10.06"]
[SourceVersion "1"]
[SourceVersionDate "2021.10.06"]
[SourceQuality "1"]

1. d4 Nf6 2. Nf3 c5 3. d5 b5 4. Bg5 Ne4 5. Bf4 Bb7 6. c4 Qa5+ 7. Nc3 bxc4 8. Bd2 Nxd2 9. Qxd2 d6 10. e3 g6 11. Bxc4 Bg7 12. 0-0 0-0 13. a3 Ba6 14. Qd3 Bxc4 15. Qxc4 Nd7 16. Nd2 Rab8 17. Rab1 Rfc8 18. Rfc1 Qd8 19. Qd3 a5 20. Nb5 Rb7 21. a4 Rcb8 22. b3 Nb6 23. Nc4 Nc8 24. Qd2 Ra8 25. f4 Rd7 26. Re1 e5 27. fxe5 Bxe5 28. Nxe5 dxe5 29. e4 Nd6 30. Nxd6 Rxd6 31. Qc3 Qb6 32. Kh1 f6 33. h3 Rd7 34. Re2 Rc8 35. Reb2 Rdc7 36. g4 Kf7 37. g5 Ke8 38. Rf1 Qb4 39. Qc4 fxg5 40. Rbf2 Qxc4 41. bxc4 Rg7 42. Rb2 Rcc7 43. Rb5 Rb7 44. Rxa5 Ra7 45. Rb5 Rgd7 46. a5 Rdc7 47. Rf6 Rf7 48. Rxf7 Kxf7 49. Rxc5 h5 50. Rb5 g4 51. hxg4 h4 52. g5 Ke7 53. c5 Ra8 54. Kh2 Rf8 55. Rb7+ 1-0

[Event "ROM-ch U20 Girls"]
[Site "Calimanesti Caciulata"]
[Date "2019.04.19"]
[Round "6"]
[White "Cimpean, Andra"]
[Black "Pelin, Ana Maria"]
[Result "0-1"]
[WhiteElo "1868"]
[BlackElo "1807"]
[PlyCount "144"]
[EventDate "2019.04.15"]
[EventType "tourn"]
[EventRounds "10"]
[EventCountry "ROU"]
[SourceTitle "CBM 190 Extra"]
[Source "ChessBase"]
[SourceDate "2019.07.15"]
[SourceVersion "1"]
[SourceVersionDate "2019.07.15"]
[SourceQuality "1"]

1. e4 e6 2. d4 d5 3. Nd2 c5 4. exd5 exd5 5. Ngf3 Nf6 6. c3 Nc6 7. Bb5 Bd7 8. dxc5 Bxc5 9. 0-0 0-0 10. Nb3 Be7 11. h3 a6 12. Bd3 h6 13. Re1 Re8 14. Bf4 Rc8 15. Qd2 Na5 16. Nxa5 Qxa5 17. Nd4 Bf8 18. Be5 Ne4 19. Nb3 Nxd2 20. Nxa5 b5 21. Rad1 Nc4 22. Bxc4 dxc4 23. Rxd7 f6 24. f4 Rc5 25. Nb7 Rc6 26. Nd8 Rc5 27. Nf7 fxe5 28. fxe5 Rc6 29. Red1 Bc5+ 30. Kh1 Rce6 31. R1d5 Be7 32. Nd6 Rf8 33. Kg1 Bg5 34. g4 Bf4 35. Nf5 Bxe5 36. Rb7 Kh7 37. Rdd7 Rg6 38. Rf7 Rd8 39. Rbd7 Rxd7 40. Rxd7 b4 41. Ne3 bxc3 42. bxc3 Bxc3 43. Nxc4 Rc6 44. Ne3 Rc5 45. Rd3 a5 46. Kf1 Bb4 47. Ke2 Rc1 48. a3 Be7 49. Nf5 Bf6 50. Rd5 a4 51. Ra5 Rc2+ 52. Kd1 Rc4 53. Ra6 Bb2 54. Ra7 Kg6 55. Ne3 Re4 56. Nc2 Kg5 57. Ra5+ Kh4 58. Rh5+ Kg3 59. Kd2 Re5 60. g5 Rxg5 61. Rxg5+ hxg5 62. Ke2 Kxh3 63. Ne3 Bxa3 64. Kf3 Bc5 65. Nf1 a3 66. Nd2 g4+ 67. Kf4 Bd6+ 68. Kg5 a2 69. Nb3 g3 70. Na1 g2 71. Kh5 g1Q 72. Nc2 Qg4# 0-1

[Event "ROM-ch U20 Girls"]
[Site "Calimanesti Caciulata"]
[Date "2019.04.16"]
[Round "2"]
[White "Bogdan, Andrada Ioana"]
[Black "Pelin, Ana Maria"]
[Result "0-1"]
[WhiteElo "1328"]
[BlackElo "1807"]
[PlyCount "72"]
[EventDate "2019.04.15"]
[EventType "tourn"]
[EventRounds "10"]
[EventCountry "ROU"]
[SourceTitle "CBM 190 Extra"]
[Source "ChessBase"]
[SourceDate "2019.07.15"]
[SourceVersion "1"]
[SourceVersionDate "2019.07.15"]
[SourceQuality "1"]

1. Nf3 d5 2. e3 Nf6 3. c4 e6 4. d4 dxc4 5. Bxc4 a6 6. a4 Nbd7 7. 0-0 c5 8. Re1 Be7 9. b3 0-0 10. Bb2 Nb6 11. Bd3 cxd4 12. Bxd4 Nbd5 13. Nbd2 Nb4 14. Bb1 Nc6 15. Bb2 Rb8 16. Qc1 Bd7 17. Rd1 Rc8 18. Ne4 Nd4 19. Qd2 Nxf3+ 20. gxf3 Bc6 21. Nxf6+ Bxf6 22. Qc2 Be4 23. Rxd8 Bxc2 24. Rxf8+ Kxf8 25. Bxf6 gxf6 26. Bxc2 Rxc2 27. Rb1 b5 28. axb5 axb5 29. b4 Ke7 30. Rd1 Rc4 31. Rb1 e5 32. Kf1 Ke6 33. Kg2 f5 34. h3 f4 35. exf4 Rxf4 36. Rb2 Kd5 0-1

[Event "ROM-chT (Women)"]
[Site "Sovata"]
[Date "2018.11.25"]
[Round "1.1"]
[White "Pelin, Ana Maria"]
[Black "Nastase, Andreea Cristina"]
[Result "0-1"]
[WhiteElo "1751"]
[BlackElo "1900"]
[PlyCount "148"]
[EventDate "2018.11.25"]
[EventType "team-tourn"]
[EventRounds "7"]
[EventCountry "ROU"]
[SourceTitle "CBM 187 Extra"]
[Source "ChessBase"]
[SourceDate "2018.11.04"]
[SourceVersion "1"]
[SourceVersionDate "2018.11.04"]
[SourceQuality "1"]
[WhiteTeam "Arad University (W)"]
[BlackTeam "Bucharest Central CC (W)"]
[WhiteTeamCountry "ROU"]
[BlackTeamCountry "ROU"]

1. d4 d5 2. c4 c6 3. Nf3 Nf6 4. e3 e6 5. Nbd2 Nbd7 6. Bd3 Bd6 7. e4 dxe4 8. Nxe4 Bb4+ 9. Bd2 Bxd2+ 10. Qxd2 Nxe4 11. Bxe4 Nf6 12. Bc2 0-0 13. 0-0 b6 14. Ne5 c5 15. Rad1 Qxd4 16. Qxd4 cxd4 17. Rxd4 Bb7 18. Rfd1 g6 19. g4 Rac8 20. g5 Nh5 21. Nd7 Rfe8 22. f4 Kg7 23. Ne5 Re7 24. Rd7 Rc7 25. Rxe7 Rxe7 26. Rd4 f6 27. gxf6+ Nxf6 28. b4 Rc7 29. Kf2 Nd5 30. a3 Ne7 31. Bd3 Bc8 32. Be4 Nf5 33. Rd8 Ba6 34. b5 Bb7 35. Bxb7 Rxb7 36. Nc6 Rc7 37. Ke2 Ne7 38. Ne5 g5 39. Rd4 gxf4 40. Rxf4 Ng6 41. Rg4 Kf6 42. Nc6 Ne5 43. Nxe5 Kxe5 44. Ke3 Kd6 45. h4 Rf7 46. Rg8 e5 47. Rd8+ Ke6 48. a4 Rf4 49. Re8+ Kd6 50. Kd3 Rxh4 51. Ra8 Kc5 52. Rxa7 Rd4+ 53. Ke3 Rxc4 54. Rxh7 Rxa4 55. Re7 Ra3+ 56. Ke4 Kxb5 57. Rxe5+ Kc4 58. Re8 Rc3 59. Rc8+ Kb4 60. Rb8 b5 61. Kd4 Rc4+ 62. Kd3 Rc5 63. Kd4 Rh5 64. Kd3 Kb3 65. Kd2 Rc5 66. Rb7 b4 67. Rb6 Ka3 68. Ra6+ Kb2 69. Rb6 Rd5+ 70. Ke3 b3 71. Ke4 Rd8 72. Ke3 Kc2 73. Rb7 Rc8 74. Rd7 b2 0-1

[Event "Alba Iulia Romania 100 op"]
[Site "Alba Iulia"]
[Date "2018.11.12"]
[Round "1"]
[White "Visakh, Narayanan Rajeswari"]
[Black "Pelin, Ana Maria"]
[Result "1-0"]
[WhiteElo "2489"]
[BlackElo "1751"]
[PlyCount "55"]
[EventDate "2018.11.12"]
[EventType "swiss"]
[EventRounds "9"]
[EventCountry "ROU"]
[SourceTitle "CBM 187 Extra"]
[Source "ChessBase"]
[SourceDate "2018.11.04"]
[SourceVersion "1"]
[SourceVersionDate "2018.11.04"]
[SourceQuality "1"]

1. e4 c5 2. Nf3 e6 3. d4 cxd4 4. Nxd4 a6 5. Nc3 Qc7 6. Qf3 d6 7. Bd3 Nd7 8. 0-0 Ngf6 9. Qg3 g6 10. Qh4 Bg7 11. Bh6 0-0 12. Bxg7 Kxg7 13. Kh1 Qc5 14. Nb3 Qc7 15. f4 b5 16. Ne2 Bb7 17. Ng3 Qd8 18. Qh3 h5 19. f5 Qe7 20. Qh4 Rae8 21. Rae1 Ng4 22. Nxh5+ gxh5 23. Qxh5 Nge5 24. Re3 Rh8 25. Rg3+ Ng6 26. Rxg6+ fxg6 27. Qxg6+ Kf8 28. fxe6+ 1-0

[Event "ROM-ch U16 Girls"]
[Site "Calimanesti"]
[Date "2018.03.29"]
[Round "4"]
[White "Boncea Pentac, Salia Ana"]
[Black "Pelin, Ana Maria"]
[Result "0-1"]
[WhiteElo "1219"]
[BlackElo "1651"]
[PlyCount "92"]
[EventDate "2018.03.27"]
[EventType "swiss"]
[EventRounds "9"]
[EventCountry "ROU"]
[SourceTitle "CBM 183 Extra"]
[Source "ChessBase"]
[SourceDate "2018.04.19"]
[SourceVersion "1"]
[SourceVersionDate "2018.04.19"]
[SourceQuality "1"]

1. e4 c5 2. Nf3 e6 3. Nc3 a6 4. Bc4 b5 5. Be2 Qc7 6. d4 cxd4 7. Nxd4 Nf6 8. a3 Bb7 9. Qd3 d6 10. Bg5 Nbd7 11. 0-0 Nc5 12. Qe3 Ncxe4 13. Bxf6 Nxf6 14. Bf3 Bxf3 15. Qxf3 Rc8 16. Rac1 Be7 17. Rfe1 0-0 18. h3 d5 19. Qe2 Qb6 20. Nf5 Bc5 21. Nh4 Bxa3 22. Rb1 Bxb2 23. Rxb2 Rxc3 24. Rb3 Rxb3 25. cxb3 Rc8 26. Nf3 Qc6 27. Qa2 Ne4 28. Ne5 Qc3 29. Qxa6 Qxe1+ 30. Kh2 Qc3 31. Qb7 Qxe5+ 32. g3 Qc7 33. Qxb5 Nxf2 34. Qe2 Qc2 35. Qxc2 Rxc2 36. Kg2 Ne4+ 37. Kf3 Rf2+ 38. Ke3 e5 39. b4 Rb2 40. b5 Rxb5 41. g4 Rb3+ 42. Ke2 d4 43. Kd1 Rb2 44. Kc1 Rh2 45. Kd1 d3 46. h4 Rh1# 0-1

[Event "ROM-ch U16 Girls"]
[Site "Baile Felix"]
[Date "2017.02.03"]
[Round "2"]
[White "Bucur, Denisa Andreea"]
[Black "Pelin, Ana Maria"]
[Result "1-0"]
[WhiteElo "1881"]
[BlackElo "1722"]
[PlyCount "59"]
[EventDate "2017.02.02"]
[EventType "swiss"]
[EventRounds "9"]
[EventCountry "ROU"]
[SourceTitle "CBM 176 Extra"]
[Source "ChessBase"]
[SourceDate "2017.03.02"]
[SourceVersion "1"]
[SourceVersionDate "2017.03.02"]
[SourceQuality "1"]

1. d4 d5 2. Nf3 Nf6 3. c4 c6 4. Nc3 e6 5. e3 Nbd7 6. Bd3 dxc4 7. Bxc4 b5 8. Be2 Bb7 9. 0-0 a6 10. a4 b4 11. Na2 c5 12. Bd2 Nd5 13. Nc1 Rc8 14. Qe1 c4 15. e4 N5f6 16. Bxb4 Nxe4 17. Ne5 Nxe5 18. dxe5 Qd5 19. Bf3 Qxe5 20. Bxf8 Rxf8 21. Qe3 Qc5 22. Qf4 Nd6 23. Bxb7 Nxb7 24. Qe4 Qb6 25. Qxh7 Qxb2 26. Rb1 Qa3 27. Rxb7 Qxa4 28. Qh4 f6 29. Qh5+ Kd8 30. Rd1+ 1-0

[Event "ROM-ch U14 Girls"]
[Site "Calimanesti Caciulata"]
[Date "2016.04.21"]
[Round "4"]
[White "Bucur, Denisa Andreea"]
[Black "Pelin, Ana Maria"]
[Result "1-0"]
[WhiteElo "1838"]
[BlackElo "1635"]
[PlyCount "119"]
[EventDate "2016.04.18"]
[EventType "swiss"]
[EventRounds "9"]
[EventCountry "ROU"]
[SourceTitle "CBM 172 Extra"]
[Source "ChessBase"]
[SourceDate "2016.06.21"]
[SourceVersion "1"]
[SourceVersionDate "2016.06.21"]
[SourceQuality "1"]

1. e4 c5 2. Nc3 e6 3. f4 Nc6 4. Nf3 g6 5. g3 Bg7 6. Bg2 Nge7 7. 0-0 d6 8. d3 Rb8 9. Be3 Nd4 10. e5 Nef5 11. Bf2 Nxf3+ 12. Qxf3 dxe5 13. Bxc5 exf4 14. Qxf4 Bd4+ 15. Kh1 e5 16. Qe4 Ne3 17. Bxd4 Qxd4 18. Rf2 Bf5 19. Qxd4 exd4 20. Nb5 Nxg2 21. Kxg2 Rd8 22. Rf4 0-0 23. Nxd4 Rc8 24. Rf2 Rfd8 25. Nxf5 gxf5 26. Re1 Rc5 27. Re7 Rb5 28. b3 Ra5 29. a4 b6 30. Rfe2 Rdd5 31. Kf3 b5 32. axb5 Rdxb5 33. Rc7 Rc5 34. Ree7 Rxc7 35. Rxc7 Kg7 36. Kf4 Kg6 37. Rc4 f6 38. Ra4 Re5 39. Rxa7 Re2 40. c4 Rxh2 41. b4 h5 42. b5 h4 43. gxh4 Rxh4+ 44. Kg3 Rd4 45. Ra3 f4+ 46. Kf3 Kg5 47. Rb3 Rd8 48. b6 Kf5 49. b7 Rb8 50. Rb5+ Ke6 51. Kxf4 Kd6 52. Kf5 Kc6 53. Kxf6 Rxb7 54. Rxb7 Kxb7 55. Ke7 Kc6 56. d4 Kc7 57. d5 Kc8 58. d6 Kb7 59. d7 Kc7 60. d8Q+ 1-0

[Event "ROM-ch U14 Girls"]
[Site "Calimanesti"]
[Date "2015.04.02"]
[Round "4"]
[White "Pelin, Ana Maria"]
[Black "Craciun, Bianca"]
[Result "1-0"]
[WhiteElo "1553"]
[BlackElo "1594"]
[PlyCount "97"]
[EventDate "2015.03.30"]
[EventType "swiss"]
[EventRounds "9"]
[EventCountry "ROU"]
[SourceTitle "CBM 165 Extra"]
[Source "ChessBase"]
[SourceDate "2015.04.21"]
[SourceVersion "1"]
[SourceVersionDate "2015.04.21"]
[SourceQuality "1"]

1. d4 g6 2. Nf3 Bg7 3. Bg5 d6 4. e3 Nd7 5. Be2 Ngf6 6. 0-0 0-0 7. h3 a6 8. Bf4 b5 9. a4 c6 10. axb5 cxb5 11. Bxb5 Qb6 12. Bxd7 Bxd7 13. b3 Nd5 14. Bh2 Rfc8 15. c4 Nb4 16. Nc3 Bc6 17. Nd2 Qb7 18. f3 Bh6 19. Bf4 Bxf4 20. exf4 Nd3 21. Ne2 Qa7 22. Ne4 Nb4 23. Kh2 Qb7 24. d5 Bd7 25. Nd4 h6 26. Re1 f5 27. Nc3 Be8 28. Qe2 Ra7 29. g4 fxg4 30. fxg4 Bf7 31. f5 g5 32. Ne4 Qb6 33. Rad1 Qd8 34. Qf2 Kg7 35. Ne6+ Bxe6 36. Qxa7 Bf7 37. Qd4+ Kh7 38. Qf2 a5 39. Nc3 Na6 40. Na4 Nc5 41. Nxc5 Rxc5 42. Qe3 Rc7 43. Rd2 Rb7 44. Rde2 Qa8 45. Qd3 Qa7 46. f6+ Bg6 47. Qc3 exf6 48. Qxf6 Rf7 49. Re7 1-0

[Event "ROM-ch U12 Girls"]
[Site "Calimanesti"]
[Date "2014.04.08"]
[Round "3"]
[White "Stan, Andreea Loredana"]
[Black "Pelin, Ana Maria"]
[Result "1/2-1/2"]
[WhiteElo "1481"]
[BlackElo "1287"]
[PlyCount "119"]
[EventDate "2014.04.06"]
[EventType "swiss"]
[EventRounds "9"]
[EventCountry "ROU"]
[SourceTitle "CBM 160 Extra"]
[Source "ChessBase"]
[SourceDate "2014.07.01"]
[SourceVersion "1"]
[SourceVersionDate "2014.07.01"]
[SourceQuality "1"]

1. e4 c5 2. c4 Nc6 3. Nc3 g6 4. d3 Bg7 5. Nge2 Nf6 6. g3 e6 7. Bg2 0-0 8. 0-0 a6 9. a4 Rb8 10. b3 b6 11. Rb1 Bb7 12. Bg5 h6 13. Be3 Nb4 14. Qd2 h5 15. Bg5 Qc7 16. e5 Bxg2 17. Kxg2 Qb7+ 18. Kg1 Nh7 19. Be7 Rfe8 20. Bd6 Rbc8 21. f4 Bf8 22. Bxf8 Rxf8 23. Ne4 Qc6 24. N2c3 f6 25. exf6 Nxf6 26. Nxf6+ Rxf6 27. Na2 Nxa2 28. Qxa2 a5 29. Qb2 Rf5 30. Rbe1 d5 31. Qe2 Re8 32. Rf2 Qd6 33. Qd2 Kh7 34. Rfe2 d4 35. Re5 Qc6 36. Qe2 Rf6 37. Qe4 Qxe4 38. R5xe4 Kg7 39. Kg2 Kf7 40. h3 Ke7 41. g4 hxg4 42. hxg4 Kd7 43. Kg3 Re7 44. g5 Rf8 45. Kg4 Rh8 46. R4e2 Rf8 47. Rh2 Ref7 48. Rf1 e5 49. Rhf2 Ke6 50. Kg3 Rf5 51. Rf3 R5f7 52. fxe5 Rxf3+ 53. Rxf3 Rxf3+ 54. Kxf3 Kxe5 55. Kg4 Ke6 56. Kf4 Kd6 57. Kf3 Ke6 58. Kf4 Kd6 59. Kf3 Ke5 60. Kg4 1/2-1/2

[Event "ROM-ch U12 Girls"]
[Site "Calimanesti"]
[Date "2014.04.07"]
[Round "2"]
[White "Pelin, Ana Maria"]
[Black "Azamfirei, Smaranda Georgiana"]
[Result "1/2-1/2"]
[WhiteElo "1287"]
[BlackElo "1438"]
[PlyCount "88"]
[EventDate "2014.04.06"]
[EventType "swiss"]
[EventRounds "9"]
[EventCountry "ROU"]
[SourceTitle "CBM 160 Extra"]
[Source "ChessBase"]
[SourceDate "2014.07.01"]
[SourceVersion "1"]
[SourceVersionDate "2014.07.01"]
[SourceQuality "1"]

1. d4 d5 2. c4 e6 3. Nf3 c6 4. e3 f5 5. Nbd2 Nf6 6. Bd3 Bd6 7. 0-0 0-0 8. b3 Ne4 9. Bb2 Bd7 10. Qc2 Be8 11. Rac1 Bh5 12. c5 Bc7 13. b4 a6 14. Ne5 Nd7 15. Nxd7 Qxd7 16. a3 Nxd2 17. Qxd2 f4 18. Qc2 h6 19. Rce1 f3 20. g3 e5 21. Kh1 e4 22. Bxe4 dxe4 23. Qxe4 Rae8 24. Qd3 Bg4 25. Rd1 Qd5 26. Rc1 Bf5 27. Qc3 Be4 28. Kg1 Qd7 29. Kh1 Bd5 30. Qe1 b6 31. Rd1 Bc4 32. Rg1 Be6 33. Qc3 Bd5 34. Qe1 Qe6 35. Rf1 bxc5 36. dxc5 Be5 37. Bxe5 Qxe5 38. Rd4 Rd8 39. Qd2 Qe7 40. Rd1 Rfe8 41. Qd3 Ra8 42. e4 Be6 43. Rd6 Rec8 44. Qxf3 a5 1/2-1/2

[Event "ROM-ch U12 Girls"]
[Site "Calimanesti"]
[Date "2013.04.07"]
[Round "8"]
[White "Hamati, Julia"]
[Black "Pelin, Ana Maria"]
[Result "1-0"]
[WhiteElo "1166"]
[BlackElo "1243"]
[PlyCount "147"]
[EventDate "2013.04.02"]
[EventType "swiss"]
[EventRounds "9"]
[EventCountry "ROU"]
[SourceTitle "CBM 153 Extra"]
[Source "ChessBase"]
[SourceDate "2013.04.22"]
[SourceVersion "1"]
[SourceVersionDate "2013.04.22"]
[SourceQuality "1"]

1. e4 c6 2. Nc3 d5 3. exd5 cxd5 4. Nf3 Nf6 5. Bb5+ Nc6 6. d3 Bg4 7. h3 Bh5 8. Bxc6+ bxc6 9. Bf4 e6 10. a3 Bd6 11. Bxd6 Qxd6 12. g4 Bg6 13. Nh4 Rb8 14. Nxg6 hxg6 15. Na4 Qf4 16. b3 Qe5+ 17. Kf1 Nxg4 18. Kg2 Nf6 19. Qd2 Qc7 20. Nc5 Qb6 21. Qe3 Rd8 22. Na4 Qxe3 23. fxe3 Nd7 24. d4 Ke7 25. Nc3 Rc8 26. b4 e5 27. dxe5 Nxe5 28. e4 d4 29. Ne2 d3 30. cxd3 Nxd3 31. Nc1 Nf4+ 32. Kg3 Nh5+ 33. Kf3 Rcd8 34. Ra2 Rd4 35. Re2 Kd6 36. Nb3 Rd3+ 37. Re3 Rxe3+ 38. Kxe3 Ng3 39. Rd1+ Ke7 40. Na5 Rc8 41. Kf3 Nh5 42. Rc1 Kd6 43. b5 c5 44. Nb7+ Kc7 45. Nxc5 Kb6 46. Nd7+ Kb7 47. Rxc8 Kxc8 48. b6 axb6 49. Nxb6+ Kb7 50. Nc4 Ka6 51. a4 Nf6 52. Nd6 Ka5 53. Nxf7 Kxa4 54. Ng5 Kb5 55. Ne6 Ne8 56. Nf4 g5 57. Ne6 Kc6 58. Nxg5 Kd6 59. Kf4 Nf6 60. e5+ Ke7 61. exf6+ Kxf6 62. Kg4 Kg6 63. Ne6 Kh6 64. h4 Kh7 65. Kg5 Kh8 66. Kg6 Kg8 67. Nxg7 Kh8 68. Nf5 Kg8 69. h5 Kh8 70. Nd6 Kg8 71. Nf7 Kf8 72. h6 Kg8 73. h7+ Kf8 74. h8Q+ 1-0

[Event "ROM-ch U12 Girls"]
[Site "Calimanesti"]
[Date "2013.04.04"]
[Round "4"]
[White "Pelin, Ana Maria"]
[Black "Mos, Maria Magdalena"]
[Result "0-1"]
[WhiteElo "1243"]
[BlackElo "1394"]
[PlyCount "128"]
[EventDate "2013.04.02"]
[EventType "swiss"]
[EventRounds "9"]
[EventCountry "ROU"]
[SourceTitle "CBM 153 Extra"]
[Source "ChessBase"]
[SourceDate "2013.04.22"]
[SourceVersion "1"]
[SourceVersionDate "2013.04.22"]
[SourceQuality "1"]

1. e4 d6 2. d4 Nf6 3. Nc3 g6 4. f3 Bg7 5. Be3 c6 6. Qd2 0-0 7. 0-0-0 b5 8. Nce2 a5 9. h4 Nbd7 10. Bh6 a4 11. Bxg7 Kxg7 12. h5 Rh8 13. g4 Qa5 14. Qe3 Rb8 15. e5 Nd5 16. Qf2 dxe5 17. dxe5 Qb6 18. Qxb6 Rxb6 19. Re1 c5 20. Ng3 b4 21. Bc4 Bb7 22. Nh3 e6 23. Rhf1 Ra8 24. Kb1 Ba6 25. Bxd5 exd5 26. Rf2 Re8 27. f4 b3 28. a3 bxc2+ 29. Kxc2 Rb3 30. Rg1 Reb8 31. Kc1 d4 32. Rd2 d3 33. Ne4 c4 34. Nhg5 h6 35. Nf3 Bb7 36. Nd4 Bxe4 37. Nxb3 Rxb3 38. Re1 Bd5 39. Re3 Be6 40. Rg3 Nc5 41. Rgg2 Bd5 42. Rh2 Ne4 43. Rd1 Nc5 44. Rg1 Bf3 45. Rg3 Be2 46. Rgg2 Ne4 47. Rxe2 dxe2 48. Rxe2 Nc5 49. Rc2 Nd3+ 50. Kb1 c3 51. Rxc3 Rxc3 52. bxc3 Nxf4 53. Kc2 gxh5 54. gxh5 Nxh5 55. c4 Kf8 56. Kd3 f6 57. Ke4 Ke7 58. c5 fxe5 59. Kxe5 Kd7 60. Kd5 Nf6+ 61. Kc4 h5 62. Kb4 h4 63. Kxa4 h3 64. Kb5 h2 0-1